000 00553nam a2200217Ia 4500
003 OSt
005 20220928140713.0
006 a|||||r|||| 00| 0
007 ta
008 220927b |||||||| |||| 00| 0 eng d
024 _a11216
037 _cTextual
040 _aSDCL
_cSDCL
_beng
041 _2eng
_aeng
082 _aO-,3M651:g, C9
100 _aKnowles Frederic Lawrence
_9497149
245 0 _aKipling primer.
260 _c1899
942 _hO-,3M651:g, C9
_cTEXL
_2CC
999 _c813661
_d813661